Полезное описание употребления гарлемских капель или бальзама называемаго medicamentum gratia probatum. (Запись № 11698158)
[ простой вид ]
| 000 -МАРКЕР | |
|---|---|
| контрольное поле | 02765nam0a22003731 4500 |
| 001 - ИДЕНТИФИКАТОР ЗАПИСИ | |
| контрольное поле | RU\NLR\BIBL_A\012059883 |
| 005 - ИДЕНТИФИКАТОР ВЕРСИИ | |
| контрольное поле | 20260407091011.0 |
| 035 ## - ДРУГИЕ СИСТЕМНЫЕ НОМЕРА | |
| Идентификатор записи | (NLR Aleph) 012059883 |
| 100 ## - ДАННЫЕ ОБЩЕЙ ОБРАБОТКИ | |
| Данные общей обработки | 19990705d1793 m y0rusy50 ca |
| 101 1# - ЯЗЫК РЕСУРСА | |
| Язык текста, звукозаписи и т.д. | русский |
| Язык оригинала | голландский, нидерландский, фламандский |
| 102 ## - СТРАНА ПУБЛИКАЦИИ ИЛИ ПРОИЗВОДСТВА | |
| Страна публикации | Российская Федерация |
| 200 1# - ЗАГЛАВИЕ И СВЕДЕНИЯ ОБ ОТВЕТСТВЕННОСТИ | |
| Основное заглавие | Полезное описание употребления гарлемских капель или бальзама называемаго medicamentum gratia probatum. |
| Первые сведения об ответственности | Изданное самим изобретателем оных г. фан Тиллием |
| Последующие сведения об ответственности | [Перевел и издал Я.Е.Даниловский] |
| 210 ## - ПУБЛИКАЦИЯ, РАСПРОСТРАНЕНИЕ И ДР. | |
| Место издания, распространения и т.д. | В Санктпетербурге |
| Имя издателя, распространителя и т. д. | при Императорской Академии наук |
| Дата издания, распространения и т.д. | 1793 |
| 215 ## - ФИЗИЧЕСКАЯ ХАРАКТЕРИСТИКА | |
| Специфическое обозначение материала и объем | [6], XVI, 85, [1] с. |
| Размеры | 8° |
| 300 ## - ОБЩИЕ ПРИМЕЧАНИЯ | |
| Текст примечания | Имеется 2 изд. 1793 г., различающиеся набором тит. л., с.XI-XVI, кустодом на с.1 и текстом на с.XVI и 62-63. По сравнению с предыдущими оба изд. 1793 г. дополнены "Предуведомлением" переводчика (С.I-XVI), в котором сообщается о появившейся подделке гарлемских капель аптекаря Городницкаго. В данном издании 1-я строка на тит. л. 75 мм., в конце текста на с.XVI даты нет, кустод на с.1: "песош-", текст на с.63 заканчивается словами: "ближе двух тысяч верст". |
| 314 ## - ПРИМЕЧАНИЯ, ОТНОСЯЩИЕСЯ К СВЕДЕНИЯМ ОБ ИНТЕЛЛЕКТУАЛЬНОЙ ОТВЕТСТВЕННОСТИ | |
| Текст примечания | Посвящ. пер. и изд. графу А.А.Безбородко подписано: Яким Даниловский. На с.63 указано полное его имя - Яким Ефимович Данилевский |
| 321 ## - ПРИМЕЧАНИЯ ОБ ОТДЕЛЬНО ИЗДАННЫХ УКАЗАТЕЛЯХ / РЕФЕРАТАХ / ССЫЛКАХ, ОТРАЖАЮЩИХ КАТАЛОГИЗИРУЕМЫЙ ДОКУМЕНТ | |
| Примечания об указателях, рефератах, ссылках | СК XVIII 7206 |
| 620 ## - МЕСТО И ДАТА ПУБЛИКАЦИИ, ИСПОЛНЕНИЯ И Т. Д. | |
| Город | Санкт-Петербург |
| 700 #1 - ИМЯ ЛИЦА - ПЕРВИЧНАЯ ОТВЕТСТВЕННОСТЬ | |
| Связь между полями | z01700 |
| -- | z02790 |
| Начальный элемент ввода | Тилли |
| Часть имени, кроме начального элемента ввода | Н. де Конинг |
| Расширение инициалов личного имени | Николас де Конинг |
| Код отношения | Автор |
| 700 #1 - ИМЯ ЛИЦА - ПЕРВИЧНАЯ ОТВЕТСТВЕННОСТЬ | |
| Связь между полями | z01700 |
| Начальный элемент ввода | Tilly |
| Часть имени, кроме начального элемента ввода | N. de Koning |
| Расширение инициалов личного имени | Nicolas de Koning |
| Графика поля | Латинская |
| 702 #1 - ИМЯ ЛИЦА - ВТОРИЧНАЯ ОТВЕТСТВЕННОСТЬ | |
| Связь между полями | z03790 |
| Начальный элемент ввода | Даниловский |
| Часть имени, кроме начального элемента ввода | А.Е. |
| Расширение инициалов личного имени | Аким Ефимович |
| Код отношения | Переводчик |
| 702 #1 - ИМЯ ЛИЦА - ВТОРИЧНАЯ ОТВЕТСТВЕННОСТЬ | |
| Начальный элемент ввода | Безбородко |
| Часть имени, кроме начального элемента ввода | А.А. |
| Даты | 1747-1799 |
| Расширение инициалов личного имени | Александр Андреевич |
| Код отношения | Объект посвящения |
| 702 #1 - ИМЯ ЛИЦА - ВТОРИЧНАЯ ОТВЕТСТВЕННОСТЬ | |
| Код отношения | Прочие |
| Графика поля | Кириллица |
| Материалы, к которым относится поле | rus |
| Начальный элемент ввода | Гродницкий |
| Часть имени, кроме начального элемента ввода | Д. Р. |
| Даты | -1808 |
| Расширение инициалов личного имени | Даниил Романович |
| Системный номер авторитетной/нормативной записи | 205986 |
| Идентификатор авторитетной/нормативной записи | RU\NLR\AUTH\770206038 |
| 712 02 - НАИМЕНОВАНИЕ ОРГАНИЗАЦИИ - ВТОРИЧНАЯ ОТВЕТСТВЕННОСТЬ | |
| Код отношения | Печатник (типограф) |
| Начальный элемент ввода | Академическая типография |
| Идентифицирующий признак | Петербург |
| Идентификатор авторитетной/нормативной записи | RU\NLR\AUTH\8815379 |
| Системный номер авторитетной/нормативной записи | 303965 |
| 790 #1 - ИМЯ ЛИЦА - АЛЬТЕРНАТИВНАЯ ФОРМА | |
| Связь между полями | z02700 |
| Начальный элемент ввода | Тиллий |
| Часть имени, кроме начального элемента ввода | фан |
| Расширение инициалов личного имени | фан |
| 790 #0 - ИМЯ ЛИЦА - АЛЬТЕРНАТИВНАЯ ФОРМА | |
| Связь между полями | z03702 |
| Начальный элемент ввода | Я*Д**** |
| 790 #1 - ИМЯ ЛИЦА - АЛЬТЕРНАТИВНАЯ ФОРМА | |
| Связь между полями | z05702 |
| Начальный элемент ввода | Городницкий |
| 801 #0 - ИСТОЧНИК ЗАПИСИ | |
| Страна | Российская Федерация |
| Организация | NLR |
| Дата составления | 19990705 |
| 852 ## - МЕСТОНАХОЖДЕНИЕ И ШИФР ХРАНЕНИЯ | |
| Идентификатор организации | NLR |
| Шифр хранения (Call Number) | 18.11.7.61 |
| 942 ## - ДОПОЛНИТЕЛЬНЫЕ ЭЛЕМЕНТЫ ЗАПИСИ (АБИС) | |
| Тип экземпляра АБИС | Книга |
| 980 ## - КОЛЛЕКЦИЯ | |
| Название коллекции | Национальная библиография |
| 980 ## - КОЛЛЕКЦИЯ | |
| Название коллекции | Русская книга гражданской печати XVIII в. в библиотеках РФ |
Нет доступных экземпляров.